Responses for Show #431 - Monday, May 5, 1986

Contestants

[<< previous game]

Barbara Keesling, a student from Laguna Niguel, California

Ron Cohen, a physician and actor from New York City

Patrick Cassidy, a teacher and a graduate student from Los Angeles, California (whose 1-day cash winnings total $10,400)

[next game >>]

Jeopardy! Round responses

4TH OF JULY
MOVIES BY THE NUMBERS
IN THE OCEANS
COLLEGES
BEER
RHYMING PAIRS
    $100 9
(Ron: What is the Suez Canal?)

the Erie Canal

PatrickRon
    $100 3
The Three Musketeers

Barbara
    $100 18
squid

Ron
    $100 5
raccoon fur

Barbara
    $100 15
Guinness

Ron
    $100 1
Hell's bells

Patrick
    $200 12
Chicago

Ron
    $200 4
Seven Days in May

Ron
    $200 19
plankton

Ron
    $200 10
Hamburger University

Patrick
    $200 16
Lowenbrau

Patrick
    $200 2
a fat cat

Barbara
    $300 23
(Alex: We've got about a minute left in this round.)

the U.S. Capitol building

Triple Stumper
    $300 6
Sergeants 3

Triple Stumper
    $300 20
(Alex: Yes, the treasure of the Nuestra SeƱora de Atocha.)

sunken treasure

Patrick
    $500 13
[The song was reprised going into the break.]

Wisconsin

Ron
    $300 26
Heineken

Patrick
    $300 11
the Space Race

Barbara
    $400 28
(Alex: He's better known as the Manassa Mauler, [*].)
[The end-of-round signal sounds.]

Jack Dempsey

Triple Stumper
    $400 7
North Dallas 40

Barbara
    $400 24
Oceanquest

Triple Stumper
    $400 21
(2 of) Duke, the University of North Carolina & North Carolina State

Patrick
    $400 27
(Patrick: What is Germany?)

Czechoslovakia

PatrickBarbara
    $400 14
Chilly Willy

Triple Stumper
    $500 8
The Four Horsemen of the Apocalypse

Triple Stumper
    $500 25
the Mariana Trench

Ron
    $500 22
Rutgers

Ron
    $500 17
the jet set

Barbara

Scores at the first commercial break (after clue 14):

Patrick Ron Barbara
$400 $800 $1,100

Scores at the end of the Jeopardy! Round:

Patrick Ron Barbara
$1,200 $2,200 $2,000

Double Jeopardy! Round responses

THE MIDDLE AGES
ANATOMY
QUOTES
VIRGINIA
THEATER
POTPOURRI
    $200 6
Charlemagne

Barbara
    $200 5
the windpipe

Barbara
    $200 13
(Ron: [*].)
(Alex: Remember to phrase it.)

"you'll meet them again on your way down"

Ron
    $200 26
Patrick Henry

Barbara
    $200 1
(Patrick: What is Greece?)
(Barbara: What is Egypt?)
...
(Alex: The Greeks used professionally paid performers.)

Rome

PatrickBarbara
Triple Stumper
    $200 19
wolves

Ron
    $400 7
the Children's Crusade

Barbara
    $400 9
the brain

Ron
    $400 14
Charles Darwin

Ron
    $400 30
(Patrick: What is Norfolk?)
(Ron: What is Richmond?)

Jamestown

PatrickRon
Triple Stumper
    $400 2
in the limelight

Patrick
    $400 20
who

Ron
    $600 8
Archbishop of Canterbury

Ron
    $600 10
the epiglottis

Ron
    $1,200 15
"Twinkle, twinkle, little star"

Ron
    $600 29
NASA

Patrick
    $600 3
Ethel Merman

Triple Stumper
    $600 21
(Alex: One minute to go in the round.)

Westminster

Triple Stumper
    $800 27
the Hapsburgs

Patrick
    $2,400 11
(Ron: What are...)
(Alex: Hurry.)
(Ron: ...ketones?)

fat

Ron
    $800 16
(Alex: Well, he didn't succeed in murdering [*]. As a matter of fact, [*] defeated a lot of opponents who became known as the bum of the month.)

Joe Louis

Triple Stumper
    $800 28
Bath

Triple Stumper
    $800 4
P.T. Barnum

Ron
    $800 22
Greek

Triple Stumper
    $1000 25
Harold

Ron
    $1000 12
the endocrine system

Ron
    $1000 17
change

Triple Stumper
    $1000 24
Reston, Virginia

Patrick
    $1000 18
(Patrick: What are coming attractions?)

curtains

Patrick
Triple Stumper
    $1000 23
iambic pentameter

Patrick

Scores at the end of the Double Jeopardy! Round:

Patrick Ron Barbara
$3,400 $6,200 $2,800

[wagering suggestions for these scores]

Final Jeopardy! Round responses

FLAGS
BarbaraWhat are hammer, sickle & stars?
$800
PatrickWhat is a hammer, sickle + star?
$3,400
RonWhat are a hammer sickle and a star
$800
hammer, sickle & star

Final scores:

Patrick Ron Barbara
$6,800 $7,000 $2,000
2nd place: trip to San Francisco New champion: $7,000 3rd place: Jules Jurgensen his & hers watches

Game dynamics:

Coryat scores:

Patrick Ron Barbara
$3,400 $7,800 $2,800
12 R,
4 W
19 R
(including 2 DDs),
3 W
(including 1 DD)
11 R,
1 W

Combined Coryat: $14,000

[game clues] [game scores] [suggest correction]

Game tape date: 1985-12-04
The J! Archive is created by fans, for fans. Scraping, republication, monetization, and malicious use prohibited; this site may use cookies and collect identifying information. See terms. The Jeopardy! game show and all elements thereof, including but not limited to copyright and trademark thereto, are the property of Jeopardy Productions, Inc. and are protected under law. This website is not affiliated with, sponsored by, or operated by Jeopardy Productions, Inc. Join the discussion at JBoard.tv.